US Easternmost States Quiz Stats

 Plays Quiz Updated May 10, 2019

Score 0/50 Timer 07:00
0 Plays Today
Longitude State % Correct
66° 56' 47''WMaine
91.4%
179° 46' 31''EAlaska
88.5%
69° 55' 43''WMassachusetts
79.5%
70° 42' 30''WNew Hampshire
75.3%
71° 07' 14''WRhode Island
73.9%
71° 51' 22''WNew York
71.2%
71° 29' 35''WVermont
70.6%
71° 47' 14''WConnecticut
69.5%
73° 58' 19''WNew Jersey
68.9%
74° 41' 25''WPennsylvania
65.2%
75° 02' 57''WMaryland
65.1%
75° 14' 31''WVirginia
65%
75° 27' 38''WNorth Carolina
65%
75° 02' 56''WDelaware
64.9%
80° 01' 52''WFlorida
63%
78° 32' 27''WSouth Carolina
62.5%
154° 48' 26''WHawai'i
61.5%
77° 43' 08''WWest Virginia
59%
80° 50' 27''WGeorgia
58.2%
80° 31' 07''WOhio
56.6%
116° 55' 04''WWashington
56%
116° 27' 50''WOregon
55.3%
81° 38' 49''WTennessee
55%
114° 07' 53''WCalifornia
55%
81° 55' 34''WKentucky
54.4%
Longitude State % Correct
114° 02' 23''WNevada
52.2%
84° 53' 21''WAlabama
50.8%
84° 47' 08''WIndiana
50.6%
111° 02' 38''WIdaho
50.5%
82° 25' 06''WMichigan
50.3%
109° 02' 43''WArizona
49.7%
109° 02' 28''WUtah
48%
87° 29' 46''WIllinois
46.3%
104° 02' 23''WMontana
45.8%
102° 02' 27''WColorado
45.8%
103° 00' 07''WNew Mexico
45.7%
104° 03' 09''WWyoming
45.6%
88° 05' 57''WMississippi
45.2%
93° 30' 29''WTexas
44.9%
86° 45' 44''WWisconsin
44.2%
88° 49' 14''WLouisiana
43.8%
89° 06' 17''WMissouri
43.3%
96° 33' 17''WNorth Dakota
43.3%
96° 26' 12''WSouth Dakota
43.1%
94° 25' 54''WOklahoma
43%
94° 35' 22''WKansas
42.9%
95° 18' 34''WNebraska
42.5%
90° 08' 35''WIowa
42.3%
89° 38' 49''WArkansas
42%
89° 29' 30''WMinnesota
41.8%

You're not logged in!

Compare scores with friends on all Sporcle quizzes.
OR
Log In

Show Comments

Extras

Top Quizzes Today


Score Distribution

Your Account Isn't Verified!

In order to create a playlist on Sporcle, you need to verify the email address you used during registration. Go to your Sporcle Settings to finish the process.

Report this User

Report this user for behavior that violates our Community Guidelines.

Details: